Statistics for 2 Word US States

Click here to take the quiz!

General Stats

  • This quiz has been taken 31 times
  • The average score is 9 of 10

Answer Stats

HintAnswer% Correct
1912New Mexico
93%
1788New York
93%
1788South Carolina
93%
1889South Dakota
93%
1787New Jersey
89%
1789North Carolina
89%
1889North Dakota
89%
1788New Hampshire
86%
1863West Virginia
82%
1790Rhode Island
75%

Score Distribution

Percentile by Number Answered

Percent of People with Each Score

Your Score History

You have not taken this quiz